Oxford practice tests for the Toeic test with key vol 2
Сохранить в:
| Формат: | |
|---|---|
| Язык: | English |
| Опубликовано: |
Oxford
Oxford Univ. Press
2000
|
| Предметы: | |
| Метки: |
Добавить метку
Нет меток, Требуется 1-ая метка записи!
|
| Thư viện lưu trữ: | Trung tâm Học liệu Lê Vũ Hùng, Trường Đại học Đồng Tháp |
|---|
| LEADER | 01625pam a22003258a 4500 | ||
|---|---|---|---|
| 001 | 00028010 | ||
| 005 | 20171026081022.0 | ||
| 008 | 111222s2000 ||||||engsd | ||
| 020 | # | # | |a 0194535304 |
| 041 | 0 | # | |a eng |
| 082 | 1 | 4 | |a 428 |b O435P |
| 245 | 1 | 0 | |n vol 2 |a Oxford practice tests for the Toeic test |b with key |
| 260 | # | # | |b Oxford Univ. Press |c 2000 |a Oxford |
| 300 | # | # | |a 231p. |c 27 cm. |b ill. |e 2 CD |
| 650 | # | 4 | |x Study and teaching |a English language |x Grammar |x tiếng anh |
| 653 | # | # | |a tiếng anh |
| 852 | # | # | |b Kho mượn |j KGT.0035978 |
| 852 | # | # | |b Kho đọc |j KD.0012918 |
| 852 | # | # | |j KD.0012936 |j KGT.0035978 |j KGT.0035979 |j KGT.0035513 |j KGT.0035983 |j KGT.0035984 |j KGT.0035985 |j KGT.0035976 |j KGT.0035959 |j KGT.0035960 |j KGT.0035961 |j KGT.0035963 |j KGT.0035964 |j KGT.0035966 |j KGT.0035967 |j KGT.0035971 |j KGT.0035973 |j KGT.0035974 |j KGT.0035968 |j KGT.0035969 |j KGT.0035977 |j KGT.0035981 |j KGT.0035958 |j KGT.0035962 |j KGT.0035965 |j KGT.0035970 |j KGT.0035972 |j KGT.0035975 |j KGT.0035980 |j KGT.0035982 |
| 852 | # | # | |j KGT.0035513, KGT.0035978, KGT.0035979, KGT.0035980, KGT.0035981, KGT.0035982, KGT.0035983, KGT.0035984, KGT.0035985, KGT.0035976, KGT.0035977, KGT.0035959, KGT.0035960, KGT.0035961, KGT.0035962, KGT.0035963, KGT.0035964, KGT.0035965, KGT.0035966, KGT.0035967, KGT.0035968, KGT.0035969, KGT.0035970, KGT.0035971, KGT.0035972, KGT.0035973, KGT.0035974, KGT.0035975, KGT.0035958 |b Kho giáo trình |
| 910 | 0 | # | |d 22/12/2011 |
| 980 | # | # | |a Trung tâm Học liệu Lê Vũ Hùng, Trường Đại học Đồng Tháp |


